| 000 | 00521nam a2200169 a 4500 | ||
|---|---|---|---|
| 005 | 20140412111342.0 | ||
| 008 | 031016s19uu xx 00 eng d | ||
| 020 | _a0-307-98290-4 | ||
| 050 |
_aER _bRa11 1998 |
||
| 100 | _aOnish, Liane | ||
| 245 |
_aRapunzel : _bMickey and Minnie Fairy Tale Theater / _cadapted by Liane B. Onish ; illustrated by Len Smith & Adam Devaney. |
||
| 260 |
_aNew York : _bA Golden Book, _c1998. |
||
| 300 | _a[22] p. ; ill. | ||
| 440 | _aDisney's | ||
| 650 | _aFairy Tales | ||
| 999 |
_c105136 _d105136 |
||